The 7 Habits Of Highly Effective Families : (Record no. 22107)
[ view plain ]
| 000 -LEADER | |
|---|---|
| fixed length control field | 00651nam a22002297a 4500 |
| 003 - CONTROL NUMBER IDENTIFIER | |
| control field | IBSLLIB |
| 005 - DATE AND TIME OF LATEST TRANSACTION | |
| control field | 20260512041226.0 |
| 008 - FIXED-LENGTH DATA ELEMENTS--GENERAL INFORMATION | |
| fixed length control field | 260512b |||||||| |||| 00| 0 eng d |
| 020 ## - INTERNATIONAL STANDARD BOOK NUMBER | |
| International Standard Book Number | 0684860082 |
| 040 ## - CATALOGING SOURCE | |
| Original cataloging agency | IBSLLIB |
| Language of cataloging | English |
| 041 ## - LANGUAGE CODE | |
| Language code of original | Eng |
| 082 ## - DEWEY DECIMAL CLASSIFICATION NUMBER | |
| Classification number | 306.8 |
| Item number | COV |
| 100 ## - MAIN ENTRY--PERSONAL NAME | |
| Personal name | Covey , Stephen R. |
| 245 ## - TITLE STATEMENT | |
| Title | The 7 Habits Of Highly Effective Families : |
| Remainder of title | Building A Beautiful Family Culture In A Turbulent World |
| 260 ## - PUBLICATION, DISTRIBUTION, ETC. (IMPRINT) | |
| Place of publication, distribution, etc. | London : |
| Name of publisher, distributor, etc. | Simon & Schuster UK Ltd |
| Date of publication, distribution, etc. | 1998 |
| 300 ## - PHYSICAL DESCRIPTION | |
| Extent | 389 p ; |
| Other physical details | 24 cm |
| 650 ## - SUBJECT ADDED ENTRY--TOPICAL TERM | |
| Topical term or geographic name as entry element | Social Science |
| 650 ## - SUBJECT ADDED ENTRY--TOPICAL TERM | |
| Topical term or geographic name as entry element | Culture and institutions |
| 653 ## - INDEX TERM--UNCONTROLLED | |
| Uncontrolled term | Habits |
| 653 ## - INDEX TERM--UNCONTROLLED | |
| Uncontrolled term | Family Mission |
| 942 ## - ADDED ENTRY ELEMENTS (KOHA) | |
| Koha item type | Lending Book |
| Withdrawn status | Lost status | Damaged status | Not for loan | Collection code | Permanent Location | Current Location | Shelving location | Date acquired | Source of acquisition | Inventory number | Full call number | Barcode | Koha item type |
|---|---|---|---|---|---|---|---|---|---|---|---|---|---|
| Lending Collection | IBSL Library | IBSL Library | Lending Section | 30/04/2026 | Donation | 10901 | 306.8 COV | 10901 | Lending Book |
